00923nam a22002297a 450000500170000001000150001702000260003203500140005803700130007208200150008510000280010024501680012826000370029627000700033330000240040350000340042770000170046170000260047894200290050499900190053395201410055220170713143530.0 aENG-119174 a9788175418226c750.00 aEN-102706 bDBAD/PUB a382.609595 aSaad Dubayyan Alshmmari aInternational marketing strategy and export performance :cby Saad Dubayyan Alshmmari,Rabiul Islam [and] Ahmad Bashawir Ghanibwith special refernces ti Malaysia / aDelhibShipra Publicationsc2015 aLG-18-19,Pankaj Central Market,I.P.Ext. PatparganjbDelhie110092 avii,146p.c23cm(Hb) aIncludes references and index aRabiul Islam a Ahmad Bashawir Ghani 2ddccENh382.609595mSAA c142540d142540 001040718NFICaDBADbDBADd2017-07-13eDBAD/PUBg750.00l0o382.609595 SAApEN-102706r2017-07-13 00:00:00t1v750.00w2017-07-13yEN